[Event "Sparkassen-Open A"]
[Site "Heusenstamm, Martinsee"]
[Date "2023.11.24"]
[Round "6.77"]
[White "Schellenberger, Dirk"]
[Black "Mohr, Alwin"]
[Result "1-0"]
[WhiteElo "1932"]
[BlackElo "1818"]
[PlyCount "87"]
[EventDate "2024.11.21"]
[WhiteTeam "Schachclub Aschaffenburg e.V."]
[BlackTeam "SV Oberursel"]

1. b3 e5 2. Bb2 Nc6 3. e3 d5 4. Bb5 Bd6 5. f4 Qe7 6. Nf3 Bg4 7. fxe5 Bxe5 8. Bxe5 Bxf3 9. Qxf3 Qxe5 10. O-O Nf6 11. Bxc6+ bxc6 12. Nc3 O-O 13. Qf4 Rfe8 14. Rae1 Re7 15. Qa4 Qd6 16. Rf4 c5 17. Ref1 a6 18. Rh4 Rd8 19. Qf4 d4 20. Qxd6 Rxd6 21. exd4 cxd4 22. Nb1 g5 23. Rh3 Nd5 24. Rg3 Rg6 25. Rgf3 Nb4 26. c3 Nxa2 27. Rf5 dxc3 28. dxc3 h6 29. R5f2 Nxc3 30. Nxc3 Rd6 31. Rd1 Re3 32. Rxd6 cxd6 33. Rc2 d5 34. b4 Rd3 35. Kf2 f6 36. Na4 Rd4 37. Rb2 Rc4 38. Nb6 Rf4+ 39. Ke3 d4+ 40. Kd3 Kf7 41. Nd5 Rg4 42. Nc7 Ke7 43. Nxa6 Kd7 44. b5 1-0

[Event "Sparkassen-Open A"]
[Site "Heusenstamm, Martinsee"]
[Date "2023.11.24"]
[Round "6.78"]
[White "Spelleken, Mark"]
[Black "Heppert, Lars"]
[Result "0-1"]
[WhiteElo "1748"]
[BlackElo "1911"]
[PlyCount "55"]
[EventDate "2024.11.21"]
[WhiteTeam "SC Somborn 1933"]
[BlackTeam "SK Neuburg"]

1. d4 d5 2. c4 e6 3. Nc3 Be7 4. Bf4 Nf6 5. e3 O-O 6. Nf3 b6 7. Rc1 Ba6 8. Nb5 Bxb5 9. cxb5 Bb4+ 10. Ke2 Bd6 11. Bg3 a6 12. bxa6 Rxa6 13. a3 c5 14. Ke1 c4 15. Qc2 b5 16. Be5 Ne4 17. Be2 Nc6 18. Bxd6 Qxd6 19. Kf1 b4 20. Bxc4 dxc4 21. Qxe4 bxa3 22. bxa3 Rxa3 23. Rxc4 Ra1+ 24. Ne1 Na5 25. Rc2 Qa6+ 26. Re2 Rc8 27. f3 f5 28. Qh4 0-1

[Event "Sparkassen-Open A"]
[Site "Heusenstamm, Martinsee"]
[Date "2023.11.24"]
[Round "6.79"]
[White "Füssel, Jan Michael"]
[Black "Wilke, Jörg"]
[Result "1-0"]
[WhiteElo "1833"]
[BlackElo "1913"]
[PlyCount "59"]
[EventDate "2024.11.21"]
[WhiteTeam "VSG 1880 Offenbach"]
[BlackTeam "SC Matt im Park Ffm"]

1. b3 d5 2. e3 c5 3. Bb2 Nc6 4. Nf3 Bg4 5. Be2 Nf6 6. O-O e6 7. d4 cxd4 8. Nxd4 Bxe2 9. Qxe2 Be7 10. Nd2 O-O 11. c4 Rc8 12. Rfd1 Qb6 13. Rac1 Qa6 14. a3 Rfe8 15. cxd5 Qxe2 16. Nxe2 Nxd5 17. e4 Nc7 18. Nc4 Red8 19. Ne5 Nxe5 20. Bxe5 f6 21. Rxd8+ Bxd8 22. Bd6 Kf7 23. Nd4 a6 24. f4 h6 25. b4 g5 26. g3 b5 27. Kf1 Ke8 28. Nxe6 Kd7 29. Nxc7 Be7 30. Bxe7 1-0

[Event "Sparkassen-Open A"]
[Site "Heusenstamm, Martinsee"]
[Date "2023.11.24"]
[Round "6.80"]
[White "Gieringer, Clemens"]
[Black "Faulstich, Kurt"]
[Result "1-0"]
[WhiteElo "1901"]
[BlackElo "1819"]
[PlyCount "76"]
[EventDate "2024.11.21"]
[WhiteTeam "Sfr.Mainz 1928"]
[BlackTeam "SAbt Niederräder TG"]

1. e4 c5 2. Nf3 Nc6 3. d4 cxd4 4. Nxd4 e6 5. Nb5 d6 6. c4 a6 7. N1c3 Nf6 8. Be2 Be7 9. Na3 O-O 10. O-O b6 11. Be3 Qc7 12. Rc1 Rb8 13. f3 Bb7 14. Qe1 Ba8 15. Qf2 Nd7 16. Nd5 exd5 17. cxd5 Nc5 18. dxc6 b5 19. e5 Ne6 20. Rfd1 Bxc6 21. exd6 Bxd6 22. g3 Rbc8 23. f4 Qe7 24. Nc2 Rfd8 25. Ne1 Bb7 26. Ng2 Rxc1 27. Rxc1 Rc8 28. Rxc8+ Bxc8 29. Nh4 g6 30. Bf1 Bc5 31. f5 Bxe3 32. Qxe3 gxf5 33. Nxf5 Qf8 34. Bh3 Bb7 35. Nh6+ Kh8 36. Qe5+ Ng7 37. Nf5 f6 38. Qc7 Be4 1-0

[Event "Sparkassen-Open A"]
[Site "Heusenstamm, Martinsee"]
[Date "2023.11.24"]
[Round "6.81"]
[White "Falkenhainer, Sven"]
[Black "Pradeep, Harshill"]
[Result "0-1"]
[WhiteElo "1830"]
[BlackElo "1894"]
[PlyCount "48"]
[EventDate "2024.11.21"]
[WhiteTeam "SC Bergen-Enkheim 1922"]
[BlackTeam "SK Bickenbach"]

1. e4 e5 2. Bc4 Nc6 3. Nf3 Nf6 4. d3 h6 5. Be3 d6 6. O-O g6 7. c3 Bg7 8. b4 O-O 9. a4 Kh7 10. Qc2 Qe8 11. Nbd2 Nh5 12. d4 f5 13. dxe5 f4 14. Bd4 Nxe5 15. Nxe5 Bxe5 16. Nf3 b6 17. b5 a5 18. Bd5 Rb8 19. c4 Bg4 20. Nxe5 dxe5 21. Bb2 f3 22. g3 Bh3 23. Rfe1 Qc8 24. Bxe5 Bf1 0-1

[Event "Sparkassen-Open A"]
[Site "Heusenstamm, Martinsee"]
[Date "2023.11.24"]
[Round "6.82"]
[White "Lang, Nico"]
[Black "Köhlich, Viktor"]
[Result "1-0"]
[WhiteElo "1896"]
[BlackElo "1816"]
[PlyCount "61"]
[EventDate "2024.11.21"]
[WhiteTeam "Schachverein Ahlen 1954 e. V."]
[BlackTeam "SC Matt im Park Ffm"]

1. e4 c5 2. Nf3 d6 3. d4 cxd4 4. Nxd4 Nf6 5. Nc3 a6 6. Bc4 e6 7. a4 Qc7 8. Bb3 Be7 9. O-O O-O 10. f4 Nbd7 11. Qe2 Nc5 12. Rf3 Nxb3 13. cxb3 b6 14. Rg3 Qc5 15. Be3 Qh5 16. Nf3 Qa5 17. Nd2 b5 18. Qe1 b4 19. Nd1 Qc7 20. Nf2 Bb7 21. Rc1 Qd8 22. Nc4 Nd7 23. Qxb4 Rb8 24. Qc3 Bf6 25. e5 dxe5 26. fxe5 Bh4 27. Rg4 Rc8 28. Bh6 g5 29. g3 Rxc4 30. bxc4 Nxe5 31. Qxe5 1-0

[Event "Sparkassen-Open A"]
[Site "Heusenstamm, Martinsee"]
[Date "2023.11.24"]
[Round "6.83"]
[White "Behr, Julian"]
[Black "Berberich, Christoph"]
[Result "1-0"]
[WhiteElo "1803"]
[BlackElo "1892"]
[PlyCount "55"]
[EventDate "2024.11.21"]
[WhiteTeam "Sfr.Mainz 1928"]
[BlackTeam "SK Freiburg-Zähringen 1887 e.V."]

1. e4 c5 2. Nf3 Nc6 3. d4 cxd4 4. Nxd4 Nf6 5. Nc3 e5 6. Ndb5 d6 7. Nd5 Nxd5 8. exd5 Nb8 9. Qf3 Be7 10. Qc3 Na6 11. Be3 b6 12. Qc6+ Bd7 13. Qb7 Nb4 14. Nc7+ Kf8 15. Nxa8 Nxc2+ 16. Kd2 Nxa1 17. Ba6 f5 18. Qxa7 Kf7 19. Nxb6 f4 20. Rxa1 fxe3+ 21. fxe3 Bf5 22. Rc1 Kg6 23. Rc6 Qf8 24. Nd7 Qd8 25. Nxe5+ Kf6 26. Qd4 Qa5+ 27. Ke2 Kg5 28. h4+ 1-0

[Event "Sparkassen-Open A"]
[Site "Heusenstamm, Martinsee"]
[Date "2023.11.24"]
[Round "6.84"]
[White "Heyartz, Wolfgang"]
[Black "Feick, Claas Marten"]
[Result "0-1"]
[WhiteElo "1890"]
[BlackElo "1809"]
[PlyCount "68"]
[EventDate "2024.11.21"]
[WhiteTeam "SU Ebersberg-Grafing"]
[BlackTeam "SF Neuberg"]

1. e4 c6 2. d4 d5 3. exd5 cxd5 4. Bd3 Nc6 5. c3 Nf6 6. h3 e5 7. dxe5 Nxe5 8. Bc2 Bd6 9. Ne2 O-O 10. O-O h6 11. Nd4 Re8 12. Nd2 b6 13. N2f3 Ba6 14. Nxe5 Bxe5 15. Bd3 Bxd3 16. Qxd3 Bxd4 17. Qxd4 Rc8 18. Be3 Qc7 19. Bf4 Qe7 20. Qd2 Qc5 21. Rad1 Rcd8 22. Rfe1 Rxe1+ 23. Qxe1 Qc4 24. Be3 Qxa2 25. Ra1 Qxb2 26. Rxa7 Qb5 27. Bxh6 gxh6 28. Qe7 Rd7 29. Ra8+ Kg7 30. Qe5 Qb1+ 31. Kh2 Qe4 32. Qg3+ Kh7 33. Qb8 Re7 34. Qh8+ Kg6 0-1

[Event "Sparkassen-Open A"]
[Site "Heusenstamm, Martinsee"]
[Date "2023.11.24"]
[Round "6.87"]
[White "Shah, Shrey"]
[Black "Winand, Edgar"]
[Result "0-1"]
[WhiteElo "1753"]
[BlackElo "1878"]
[PlyCount "86"]
[EventDate "2024.11.21"]
[WhiteTeam "Amstelveen"]
[BlackTeam "SF Frankfurt 1921"]

1. e4 g5 2. d4 Bg7 3. Bxg5 c5 4. c3 cxd4 5. cxd4 Nc6 6. Nf3 Qb6 7. Nbd2 Nxd4 8. Nc4 Nxf3+ 9. Qxf3 Qg6 10. h4 b5 11. Nd2 Rb8 12. Qb3 Nf6 13. Bd3 Ng4 14. Bxb5 Qb6 15. Qg3 Qxf2+ 16. Qxf2 Nxf2 17. Bxd7+ Bxd7 18. Kxf2 Rxb2 19. Rab1 Bd4+ 20. Kf3 h5 21. Be3 Bg4+ 22. Kg3 Rxb1 23. Rxb1 Bxe3 24. Rb8+ Kd7 25. Rxh8 Bxd2 26. Rb8 Be3 27. Rb7+ Ke6 28. Rb5 f6 29. Ra5 Bb6 30. Rb5 Be2 31. Rb2 Ba6 32. Kf4 Bc7+ 33. Kf3 f5 34. exf5+ Kxf5 35. Rc2 Bb7+ 36. Ke2 Bb6 37. g3 Kg4 38. Rc3 e5 39. a4 e4 40. a5 Ba6+ 41. Kd1 Bf2 42. Rc6 Bd3 43. Rd6 Kxg3 0-1

[Event "Sparkassen-Open A"]
[Site "Heusenstamm, Martinsee"]
[Date "2023.11.24"]
[Round "6.88"]
[White "Kessler, Georg"]
[Black "Noll, Raphael"]
[Result "1-0"]
[WhiteElo "1876"]
[BlackElo "1748"]
[PlyCount "91"]
[EventDate "2024.11.21"]
[WhiteTeam "SC Sulzbach-Rosenberg"]
[BlackTeam "SK Marburg 1931/72"]

1. Nf3 d5 2. c4 e6 3. d4 Nf6 4. Nc3 c6 5. Bg5 Be7 6. e3 Nbd7 7. cxd5 exd5 8. Bd3 h6 9. Bh4 O-O 10. O-O Ne4 11. Bg3 Nxg3 12. hxg3 Nf6 13. Qc2 Bg4 14. a3 Qc7 15. b4 Rfc8 16. Ne5 Be6 17. Rfc1 Bd6 18. Nf3 a6 19. Na4 Nd7 20. Nc5 Nxc5 21. bxc5 Be7 22. Rab1 Qa5 23. Rxb7 Rc7 24. Rxc7 Qxc7 25. Qa4 f6 26. Rb1 a5 27. Rb6 Bd7 28. Ba6 Qa7 29. Bb7 Bd8 30. Bxa8 Qxa8 31. Rb2 Bc8 32. Qb3 Bc7 33. e4 a4 34. Qe3 dxe4 35. Qxe4 Kf7 36. Rb4 Be6 37. Nh4 Bb3 38. Qg6+ Kg8 39. Nf5 Qf8 40. Rb7 Bf7 41. Nxh6+ Kh8 42. Nxf7+ Kg8 43. Rxc7 f5 44. Ng5 Qf6 45. Rc8+ Qd8 46. Rxd8# 1-0

[Event "Sparkassen-Open A"]
[Site "Heusenstamm, Martinsee"]
[Date "2023.11.24"]
[Round "6.89"]
[White "Schneider, Till"]
[Black "Steigleder, Maximilian"]
[Result "0-1"]
[WhiteElo "1729"]
[BlackElo "1873"]
[PlyCount "55"]
[EventDate "2024.11.21"]
[WhiteTeam "SC Brett vorm Kopp Ffm"]
[BlackTeam "Sfr.1932 Kelkheim"]

1. e4 c5 2. c3 d5 3. exd5 Nf6 4. Qa4+ Nbd7 5. c4 b5 6. Qxb5 Rb8 7. Qa4 e6 8. dxe6 fxe6 9. Qd1 Bd6 10. Nc3 O-O 11. Nf3 Bb7 12. b3 Ng4 13. h3 Nge5 14. Qc2 Nxf3+ 15. gxf3 Bxf3 16. Rg1 Bh2 17. Rg2 Bxg2 18. Bxg2 Qh4 19. d3 Rxf2 20. Bg5 Rxc2+ 21. Bxh4 Rxg2 22. O-O-O Rf8 23. Re1 Rg1 24. Rxg1 Bxg1 25. Kd2 Ne5 26. Be7 Rf2+ 27. Ne2 Rf7 28. Bxc5 0-1

[Event "Sparkassen-Open A"]
[Site "Heusenstamm, Martinsee"]
[Date "2023.11.24"]
[Round "6.91"]
[White "Kürschner, Matthias"]
[Black "Al Luwaisi, Omer"]
[Result "1-0"]
[WhiteElo "1984"]
[BlackElo "1667"]
[PlyCount "137"]
[EventDate "2024.11.21"]
[WhiteTeam "SK Langen"]
[BlackTeam "SC ML Kastellaun"]

1. e4 c6 2. d4 d5 3. Nd2 dxe4 4. Nxe4 Nf6 5. Nxf6+ exf6 6. Bc4 Na6 7. Bxa6 Qa5+ 8. c3 Qxa6 9. Qe2+ Qxe2+ 10. Nxe2 Be6 11. O-O Bd6 12. Bf4 O-O-O 13. Bxd6 Rxd6 14. Rfe1 g5 15. f4 h5 16. Ng3 Bd5 17. Nf5 Re6 18. Ne7+ Kd7 19. Nxd5 cxd5 20. f5 Rb6 21. Re2 Re8 22. Rae1 Rxe2 23. Rxe2 Ra6 24. a3 b5 25. Kf2 Rc6 26. Ke3 a5 27. Kd3 Rc7 28. Rc2 a4 29. Re2 Rc8 30. Kc2 Rc4 31. Re1 Kd8 32. Re3 Rc7 33. Kd3 Kd7 34. Rh3 h4 35. g3 hxg3 36. hxg3 Kd6 37. Rh6 Ke7 38. Rh8 Rb7 39. Ra8 Kd6 40. Rd8+ Kc6 41. Rc8+ Kd7 42. Ra8 Kd6 43. Ra6+ Ke7 44. Ke3 Rb8 45. Kf3 Rb7 46. Kg4 Rb8 47. Ra7+ Ke8 48. Kh5 Kf8 49. Rd7 Ke8 50. Rxd5 Rb6 51. Kh6 Kf8 52. Rd8+ Ke7 53. Ra8 Rb7 54. Kg7 Kd6 55. Rd8+ Ke7 56. Rf8 Kd6 57. Rxf7 Rb8 58. Kxf6 Kd5 59. Kxg5 Kc4 60. Rh7 Rg8+ 61. Kf4 Kb3 62. Rh2 Kc4 63. g4 Kd5 64. Re2 Rf8 65. g5 Rg8 66. f6 Rf8 67. Kf5 Rh8 68. f7 Rb8 69. Kf6 1-0

[Event "Sparkassen-Open A"]
[Site "Heusenstamm, Martinsee"]
[Date "2023.11.24"]
[Round "6.92"]
[White "Donecker, Stefan"]
[Black "Stein, Tobias"]
[Result "0-1"]
[WhiteElo "1803"]
[BlackElo "2034"]
[PlyCount "80"]
[EventDate "2024.11.21"]
[WhiteTeam "SAbt TuS Dotzheim"]
[BlackTeam "SV Alsfeld"]

1. e4 c5 2. Nc3 Nc6 3. g3 g6 4. Bg2 Bg7 5. d3 d6 6. Be3 e6 7. Qd2 Nd4 8. Nd1 Ne7 9. c3 Ndc6 10. Bh6 O-O 11. Bxg7 Kxg7 12. Ne3 e5 13. Ne2 f5 14. f4 Be6 15. d4 cxd4 16. cxd4 d5 17. exf5 Nxf5 18. Nxf5+ Bxf5 19. dxe5 Qb6 20. a3 Rfd8 21. Rd1 d4 22. Bxc6 Qxc6 23. Rg1 Qe4 24. g4 d3 25. gxf5 dxe2 26. f6+ Kf7 27. Qxe2 Rxd1+ 28. Kxd1 Qb1+ 29. Kd2 Rd8+ 30. Kc3 Rc8+ 31. Kb3 Qxg1 32. e6+ Kxf6 33. Qe5+ Ke7 34. Qg7+ Kxe6 35. Qe5+ Kd7 36. Qd5+ Kc7 37. Qe5+ Kb6 38. Qd6+ Rc6 39. Qd8+ Ka6 40. Qd3+ b5 0-1

[Event "Sparkassen-Open A"]
[Site "Heusenstamm, Martinsee"]
[Date "2023.11.24"]
[Round "6.93"]
[White "Rotermund, Verena"]
[Black "Stuhlmann, Florian"]
[Result "0-1"]
[WhiteElo "1818"]
[BlackElo "1947"]
[PlyCount "52"]
[EventDate "2024.11.21"]
[WhiteTeam "Vorw.Orient Mainz"]
[BlackTeam "SC Königsflügel Lindenholzhausen"]

1. e4 c5 2. Nc3 Nc6 3. f4 e6 4. Bc4 a6 5. a4 Nge7 6. d3 d5 7. Ba2 g6 8. Nf3 Bg7 9. O-O O-O 10. Qe1 Nd4 11. Qf2 b5 12. f5 b4 13. Nd1 exf5 14. c3 bxc3 15. bxc3 Nxf3+ 16. Qxf3 Be6 17. Ba3 Rc8 18. Rb1 dxe4 19. Qf2 Bxa2 20. Qxa2 Qxd3 21. Bc1 Rb8 22. Rxb8 Rxb8 23. Bg5 Nd5 24. Nf2 Nxc3 25. Nxd3 Nxa2 26. Nf4 f6 0-1

[Event "Sparkassen-Open A"]
[Site "Heusenstamm, Martinsee"]
[Date "2023.11.24"]
[Round "6.95"]
[White "Ternes, Markus"]
[Black "Sensoy, Emir"]
[Result "0-1"]
[WhiteElo "1882"]
[BlackElo "1778"]
[PlyCount "68"]
[EventDate "2024.11.21"]
[WhiteTeam "SC Sulzbach-Rosenberg"]
[BlackTeam "MSA Zugzwang 82 e.V."]

1. d4 d5 2. c4 e6 3. Nc3 c5 4. cxd5 exd5 5. Nf3 Nc6 6. dxc5 d4 7. Na4 Bf5 8. e3 d3 9. Bd2 Nf6 10. g3 Nd5 11. a3 Be4 12. Bg2 h5 13. Nh4 Bxg2 14. Nxg2 Qe7 15. Qb3 Rd8 16. O-O-O Qe4 17. Nf4 g5 18. Nxd5 Rxd5 19. Kb1 Rd7 20. Ka1 Rh6 21. f4 g4 22. Nc3 Qf5 23. e4 Qxc5 24. e5 Nd4 25. Qa4 b5 26. Ne4 Qc6 27. Nf6+ Rxf6 28. Qxd4 Rxd4 29. Rc1 Rc4 30. exf6 Qxf6 31. Rce1+ Kd7 32. Re5 Rc5 33. Re4 Bg7 34. Bc3 Rxc3 0-1

[Event "Sparkassen-Open A"]
[Site "Heusenstamm, Martinsee"]
[Date "2023.11.24"]
[Round "6.96"]
[White "Klein, Deniz"]
[Black "Fettig, Michel"]
[Result "1-0"]
[WhiteElo "1874"]
[BlackElo "1715"]
[PlyCount "64"]
[EventDate "2024.11.21"]
[WhiteTeam "SK Kaiserslautern 1905"]
[BlackTeam "SC ML Kastellaun"]

1. c4 c6 2. Nf3 Nf6 3. e3 d5 4. Nc3 e6 5. Qc2 Nbd7 6. b3 Bd6 7. Bb2 O-O 8. Rg1 dxc4 9. bxc4 a6 10. g4 b5 11. g5 Ne8 12. Ne4 Bb7 13. Nxd6 Nxd6 14. c5 Ne8 15. h4 Qe7 16. Rc1 f5 17. gxf6 Ndxf6 18. Bd3 Rd8 19. Ng5 h6 20. Bg6 Nc7 21. Nh7 Ncd5 22. a3 Bc8 23. Nxf8 Rxf8 24. Be5 Rd8 25. e4 Nc7 26. Bd6 Qd7 27. Rg3 Nce8 28. Bxe8 Qxe8 29. e5 Nh5 30. Rg4 Qf7 31. Qe4 Kh8 32. Rc3 Rg8 1-0

[Event "Sparkassen-Open A"]
[Site "Heusenstamm, Martinsee"]
[Date "2023.11.24"]
[Round "6.97"]
[White "Berstler, Tobias"]
[Black "Klebs, Sebastian"]
[Result "1/2-1/2"]
[WhiteElo "1790"]
[BlackElo "1871"]
[PlyCount "49"]
[EventDate "2024.11.21"]
[WhiteTeam "SK Bingen"]
[BlackTeam "Karlsruher SF 1853"]

1. e4 c5 2. Nf3 e6 3. c3 d5 4. exd5 Qxd5 5. d4 Nc6 6. Be3 cxd4 7. cxd4 Nf6 8. Bd3 Bb4+ 9. Nbd2 O-O 10. O-O Bxd2 11. Qxd2 b6 12. Rac1 Bb7 13. Bc4 Qh5 14. Be2 Qd5 15. Bc4 Qh5 16. Qe2 Rac8 17. Ba6 Bxa6 18. Qxa6 Qa5 19. Qb7 Qd5 20. Kh1 Qd7 21. Qa6 h6 22. Qb5 Qd5 23. Qa6 Qd7 24. Qb5 Qd5 25. Qa6 1/2-1/2

[Event "Sparkassen-Open A"]
[Site "Heusenstamm, Martinsee"]
[Date "2023.11.24"]
[Round "6.98"]
[White "Jordake, Michael"]
[Black "Diehl, Stefan"]
[Result "0-1"]
[WhiteElo "1787"]
[BlackElo "1865"]
[PlyCount "100"]
[EventDate "2024.11.21"]
[WhiteTeam "SC Bergen-Enkheim 1922"]
[BlackTeam "SC Eschborn 1974"]

1. d4 f5 2. Nc3 Nf6 3. Bg5 e6 4. e4 fxe4 5. Nxe4 Be7 6. Bxf6 Bxf6 7. Qh5+ g6 8. Nxf6+ Qxf6 9. Qe5 O-O 10. Qxf6 Rxf6 11. Nf3 Nc6 12. c3 d6 13. h4 h6 14. Be2 Bd7 15. O-O-O Raf8 16. Bc4 Na5 17. Bd3 Bc6 18. Rhe1 Bd5 19. b3 Nc6 20. Re3 Bxf3 21. gxf3 e5 22. d5 Ne7 23. Be2 Rf4 24. h5 g5 25. c4 Nf5 26. Re4 Nd4 27. Rdxd4 exd4 28. Re6 R4f6 29. Re4 Rf4 30. Re6 R8f6 31. Re8+ Kg7 32. Re7+ Rf7 33. Re6 R4f6 34. Re4 Kf8 35. Kd2 Re7 36. Rxd4 Rf4 37. Rd3 Rh4 38. Bd1 Rh2 39. a4 Rxf2+ 40. Kc3 Re1 41. f4 Rxf4 42. Kb4 Ke7 43. Bc2 c5+ 44. Kb5 g4 45. Rg3 Kf6 46. Bg6 Kg5 47. b4 cxb4 48. Kxb4 Kh4 49. Rg2 g3 50. Kb5 Rf2 0-1

[Event "Sparkassen-Open A"]
[Site "Heusenstamm, Martinsee"]
[Date "2023.11.24"]
[Round "6.99"]
[White "Maul, Kilian"]
[Black "Kramer, Lars"]
[Result "1-0"]
[WhiteElo "1849"]
[BlackElo "1704"]
[PlyCount "71"]
[EventDate "2024.11.21"]
[WhiteTeam "SV Oberursel"]
[BlackTeam "SF 1982 Ötzingen e.V."]

1. d4 Nf6 2. c4 e6 3. Nf3 b6 4. Bg5 d5 5. e3 Nbd7 6. cxd5 exd5 7. Nc3 h6 8. Bh4 Bb7 9. Bd3 Be7 10. O-O O-O 11. Re1 Ne4 12. Bxe7 Qxe7 13. Nd2 Ndf6 14. Ndxe4 Nxe4 15. f3 Nxc3 16. bxc3 Rfd8 17. e4 dxe4 18. fxe4 c5 19. d5 Qe5 20. Qc2 Re8 21. Rf1 c4 22. Bxc4 Qxe4 23. Qxe4 Rxe4 24. Bb3 a5 25. d6 a4 26. Bxf7+ Kh7 27. Rad1 Rd8 28. Rf2 Re3 29. c4 g6 30. Rb2 Rd7 31. Rxb6 Bc8 32. Bd5 Rc3 33. Be6 Rd8 34. Bxc8 Rxc8 35. d7 Rd8 36. Rc6 1-0

[Event "Sparkassen-Open A"]
[Site "Heusenstamm, Martinsee"]
[Date "2023.11.24"]
[Round "6.101"]
[White "Ziska, Stephan"]
[Black "Rotärmel, Leonie"]
[Result "1/2-1/2"]
[WhiteElo "1834"]
[BlackElo "1683"]
[PlyCount "36"]
[EventDate "2024.11.21"]
[WhiteTeam "SF Bürstadt"]
[BlackTeam "SK Bad Homburg 1927"]

1. e4 e6 2. d4 d5 3. Nd2 dxe4 4. Nxe4 Bd7 5. Nf3 Bc6 6. Ng3 Nd7 7. Bd3 Ngf6 8. O-O Bxf3 9. Qxf3 c6 10. a4 a5 11. c3 Be7 12. Re1 O-O 13. Bd2 Re8 14. b4 axb4 15. cxb4 Qb6 16. Ne2 e5 17. a5 Qd8 18. Ng3 exd4 1/2-1/2

[Event "Sparkassen-Open A"]
[Site "Heusenstamm, Martinsee"]
[Date "2023.11.24"]
[Round "6.102"]
[White "Eitel, Luc"]
[Black "Schulze, Fabian"]
[Result "1/2-1/2"]
[WhiteElo "1742"]
[BlackElo "1828"]
[PlyCount "90"]
[EventDate "2024.11.21"]
[WhiteTeam "SAbt SV Werder Bremen"]
[BlackTeam "SC Steinbach"]

1. e4 d5 2. exd5 Qxd5 3. Nc3 Qd8 4. d4 Nf6 5. Nf3 e6 6. Bg5 Be7 7. Bc4 c6 8. O-O O-O 9. Qe2 b5 10. Bd3 Nbd7 11. Ne5 Bb7 12. Rad1 a6 13. Ne4 Rc8 14. f4 Nxe4 15. Qxe4 g6 16. Bh6 Re8 17. Nxd7 Qxd7 18. Qe5 f6 19. Qe3 c5 20. f5 Qd5 21. Qxe6+ Qxe6 22. fxe6 cxd4 23. Bd2 f5 24. g4 fxg4 25. Rde1 Rf8 26. Bf4 Rcd8 27. Be5 Rxf1+ 28. Rxf1 Bf3 29. h3 Rd5 30. hxg4 Bxg4 31. Bf6 Bxf6 32. Rxf6 Re5 33. e7 Rxe7 34. Rxa6 Be2 35. Kf2 Bxd3 36. cxd3 Re3 37. Rb6 Rxd3 38. Rxb5 Kg7 39. a4 Kf6 40. a5 Rd1 41. a6 Ra1 42. Rb6+ Ke5 43. b4 Ra2+ 44. Ke1 g5 45. Rb5+ Kd6 1/2-1/2

[Event "Sparkassen-Open A"]
[Site "Heusenstamm, Martinsee"]
[Date "2023.11.24"]
[Round "6.103"]
[White "Kluge, Joscha"]
[Black "Michalski, Uwe"]
[Result "0-1"]
[WhiteElo "1703"]
[BlackElo "1820"]
[PlyCount "74"]
[EventDate "2024.11.21"]
[WhiteTeam "SC Bergen-Enkheim 1922"]
[BlackTeam "Sfr.Mainz 1928"]

1. c4 e5 2. g3 c5 3. Bg2 Nc6 4. e3 f5 5. Ne2 Nf6 6. b3 g6 7. Bb2 Bg7 8. Bxc6 bxc6 9. Bxe5 d6 10. Bb2 O-O 11. Nbc3 Be6 12. Nf4 Bf7 13. Rc1 Qd7 14. O-O g5 15. Ng2 Bh5 16. Ne2 f4 17. exf4 Qh3 18. f3 g4 19. Nh4 gxf3 20. Nxf3 Bxf3 21. Rxf3 Ng4 22. Bxg7 Qxh2+ 23. Kf1 Qh1+ 24. Ng1 Kxg7 25. Ke2 Qg2+ 26. Kd3 Nf2+ 27. Rxf2 Qxf2 28. Qg4+ Kh8 29. Nf3 Rg8 30. Ng5 Raf8 31. Rh1 Qd4+ 32. Kc2 Rxg5 33. Rxh7+ Kxh7 34. Qh4+ Kg8 35. Qxg5+ Qg7 36. Qh4 Qh7+ 37. Qxh7+ Kxh7 0-1

[Event "Sparkassen-Open A"]
[Site "Heusenstamm, Martinsee"]
[Date "2023.11.24"]
[Round "6.105"]
[White "Kalepky, Helmut"]
[Black "Fröhlich-Dill, Astrid"]
[Result "1/2-1/2"]
[WhiteElo "1951"]
[BlackElo "1794"]
[PlyCount "63"]
[EventDate "2024.11.21"]
[WhiteTeam "Sfr.Heidesheim"]
[BlackTeam "SV 1920 Hofheim"]

1. e4 e6 2. d3 b6 3. g3 Bb7 4. Bg2 Nf6 5. Nc3 Bb4 6. a3 Bxc3+ 7. bxc3 c5 8. Qe2 Qc7 9. Bd2 d6 10. Nh3 e5 11. f4 Nbd7 12. c4 a6 13. a4 g6 14. Bf3 Nb8 15. c3 Nc6 16. O-O Bc8 17. Nf2 h5 18. h3 Be6 19. Rfb1 O-O 20. Kh2 exf4 21. Bxf4 Ne5 22. Bxe5 d5 23. Qf1 Nd7 24. Qg2 Rad8 25. g4 h4 26. Kh1 g5 27. Nd1 Qd6 28. Be2 Qe7 29. Qf2 Kh7 30. Ne3 Rb8 31. Bf1 Rfd8 32. Rb2 1/2-1/2

[Event "Sparkassen-Open A"]
[Site "Heusenstamm, Martinsee"]
[Date "2023.11.24"]
[Round "6.106"]
[White "Scheerer, Amelie"]
[Black "Maerz, Maximilian"]
[Result "1/2-1/2"]
[WhiteElo "1788"]
[BlackElo "1914"]
[PlyCount "80"]
[EventDate "2024.11.21"]
[WhiteTeam "SV 1934 Ffm-Griesheim"]
[BlackTeam "SC Heimbach-Weis/Neuwied e.V."]

1. e4 c5 2. Nf3 e6 3. d4 cxd4 4. Nxd4 a6 5. Nc3 Qc7 6. Be3 Bb4 7. Qd2 Nf6 8. f3 d5 9. exd5 Nxd5 10. Nde2 O-O 11. a3 Qa5 12. O-O-O Nc6 13. axb4 Ndxb4 14. Kb1 e5 15. Nc1 Bf5 16. Bd3 Nxd3 17. Nxd3 Rfd8 18. Qf2 Nd4 19. Bxd4 Rxd4 20. Nc1 Rc4 21. Nb3 Qb4 22. Qd2 h6 23. Nd5 Qxb3 24. Ne7+ Kh7 25. Nxf5 Qb6 26. Rhe1 f6 27. Qd3 Ra4 28. Ne7+ Kh8 29. Ng6+ Kg8 30. Qd5+ Kh7 31. Qf7 Qa5 32. c3 Ra1+ 33. Kc2 Qa4+ 34. b3 Qa2+ 35. Kd3 Rd8+ 36. Kc4 Rc8+ 37. Kd3 Rd8+ 38. Ke3 Raxd1 39. Rxd1 Rxd1 40. Nf8+ Kh8 1/2-1/2

[Event "Sparkassen-Open A"]
[Site "Heusenstamm, Martinsee"]
[Date "2023.11.24"]
[Round "6.107"]
[White "Gundel, Julian"]
[Black "Gärtner, Johannes"]
[Result "0-1"]
[WhiteElo "1912"]
[BlackElo "1777"]
[PlyCount "50"]
[EventDate "2024.11.21"]
[WhiteTeam "SV Königsspringer 1929 Großauhei"]
[BlackTeam "Sfr.Mainz 1928"]

1. Nf3 Nf6 2. b3 d5 3. Bb2 e6 4. d4 Be7 5. Nbd2 O-O 6. e3 b6 7. Bd3 h6 8. O-O c5 9. c4 Nc6 10. a3 cxd4 11. Nxd4 Nxd4 12. Bxd4 Bb7 13. Qe2 Rc8 14. Rfc1 Qd6 15. f4 Nd7 16. b4 e5 17. c5 bxc5 18. bxc5 Qe6 19. fxe5 Bxc5 20. Qh5 Rfe8 21. Bf5 Qe7 22. Bxd7 Bxd4 23. exd4 Qxd7 24. Nb3 Qa4 25. Nc5 Qxd4+ 0-1

[Event "Sparkassen-Open A"]
[Site "Heusenstamm, Martinsee"]
[Date "2023.11.24"]
[Round "6.108"]
[White "Schumacher, Markus"]
[Black "Porstendörfer, Yannik"]
[Result "1-0"]
[WhiteElo "1902"]
[BlackElo "1769"]
[PlyCount "63"]
[EventDate "2024.11.21"]
[WhiteTeam "Godesberger SK 1929 e. V"]
[BlackTeam "SK 1982 Klingenberg e.V."]

1. e4 c5 2. Nf3 d6 3. d4 cxd4 4. Nxd4 g6 5. Nc3 Bg7 6. Be3 Nf6 7. Bc4 Ng4 8. Bb5+ Nc6 9. Nxc6 bxc6 10. Bxc6+ Bd7 11. Bxa8 Nxe3 12. fxe3 Bxc3+ 13. bxc3 Qxa8 14. O-O Bc6 15. Rb1 Bxe4 16. Rf2 O-O 17. Qd5 Rd8 18. a4 Rd7 19. Rb4 Bf5 20. a5 e5 21. Qc4 Be6 22. Qb5 Kg7 23. h3 Qd8 24. h4 Qc8 25. Qd3 Qc5 26. a6 Rc7 27. Rd2 Bc4 28. Qxd6 Qxe3+ 29. Kh2 Qxc3 30. Rb7 Rc8 31. Rf2 Be6 32. Qxe6 1-0